Fr. Conceicao Rodrigues College of Engineering

Hydraulics and fluid mechanics (Record no. 33354)

MARC details
000 -LEADER
fixed length control field 00296nam a2200133Ia 4500
082 ## - DEWEY DECIMAL CLASSIFICATION NUMBER
Classification number 532
Item number BAN
100 ## - MAIN ENTRY--PERSONAL NAME
Personal name Banga/T.R/ Makker/B.R
245 ## - TITLE STATEMENT
Title Hydraulics and fluid mechanics
260 ## - PUBLICATION, DISTRIBUTION, ETC.
Name of publisher, distributor, etc. Khanna
Place of publication, distribution, etc. New Delhi
Date of publication, distribution, etc. 1984
300 ## - PHYSICAL DESCRIPTION
Extent 654
546 ## - LANGUAGE NOTE
Language note ENGLISH
654 ## - SUBJECT ADDED ENTRY--FACETED TOPICAL TERMS
Focus term hydraulics
942 ## - ADDED ENTRY ELEMENTS (KOHA)
Koha item type BOOK
Holdings
Withdrawn status Lost status Damaged status Not for loan Collection Home library Current library Date acquired Cost, normal purchase price Total Checkouts Full call number Barcode Date last seen Cost, replacement price Price effective from Koha item type
        CRC Fr. Agnel's C.Rodrigues College of Engineering Fr. Agnel's C.Rodrigues College of Engineering 17/03/2023 35.00   532 BAN 1009 17/03/2023 35.00 17/03/2023 BOOK